Z holandských zápisníků /

Main Author: Filla, Emil, 1882-1953
Corporate Author: Ústav dějin umění (Akademie věd ČR)
Other Authors: Winter, Tomáš, 1974-
Language: Czech
Published: V Praze : Národní galerie ve spolupráci s Ústavem dějin umění AV ČR, 2007
Subjects:
Online Access: Digitalizovaný dokument
Physical Description: 195 s. : il. (některé barev.), faksim. ; 26 cm
Language note: Anglické resumé
Book
Saved in:
LEADER 02604nam a2200685 a 4500
001 nkc20071722101
003 CZ PrNK
005 20070824122633.0
007 ta
008 070531s2007 xr ah e 001 edcze
015 |a cnb001722101 
020 |a 978-80-7035-355-4  |q (brož.) 
035 |a (OCoLC)187296687 
040 |a BOA001  |b cze  |d ABA001  |d OLA001 
041 0 |a cze  |b eng 
043 |a e-xr---  |a e-ne--- 
045 |a x1x2  |a u-u- 
072 7 |a 75  |x Malířství  |2 Konspekt  |9 21 
080 |a 75.071.1  |2 MRF 
080 |a 801.82:930.253  |2 MRF 
080 |a 316.64  |2 MRF 
080 |a 7.01  |2 MRF 
080 |a 75(492)  |2 MRF 
080 |a 75.034.7  |2 MRF 
080 |a (437.3)  |2 MRF 
080 |a (492)  |2 MRF 
080 |a (0:82-4)  |2 MRF 
100 1 |a Filla, Emil,  |d 1882-1953  |7 jk01031203  |4 aut 
245 1 0 |a Z holandských zápisníků /  |c Emil Filla ; vybral a uspořádal Tomáš Winter 
260 |a V Praze :  |b Národní galerie ve spolupráci s Ústavem dějin umění AV ČR,  |c 2007 
300 |a 195 s. :  |b il. (některé barev.), faksim. ;  |c 26 cm 
504 |a Obsahuje bibliografii, bibliografické odkazy a rejstřík 
546 |a Anglické resumé 
600 1 7 |a Filla, Emil,  |d 1882-1953  |7 jk01031203  |2 czenas 
648 7 |a 17. století  |7 ch460555  |2 czenas 
648 4 |a 1914-1924 
648 7 |a 20. století  |7 ch460558  |2 czenas 
650 0 7 |a malíři  |7 ph122596  |z Česko  |y 20. století  |2 czenas 
650 0 7 |a písemná pozůstalost  |7 ph220328  |y 1914-1924  |2 czenas 
650 0 7 |a názory a postoje  |7 ph137634  |2 czenas 
650 0 7 |a filozofie umění  |7 ph120229  |2 czenas 
650 0 7 |a nizozemské malířství  |7 ph115452  |y 17. století  |2 czenas 
650 0 7 |a barokní malířství  |7 ph118762  |z Nizozemsko  |2 czenas 
650 0 9 |a painters  |z Czechia  |y 20th century  |2 eczenas 
650 0 9 |a written remains  |y 1914-1924  |2 eczenas 
650 0 9 |a views and attitudes  |2 eczenas 
650 0 9 |a philosophy of art  |2 eczenas 
650 0 9 |a Dutch painting  |y 17th century  |2 eczenas 
650 0 9 |a baroque painting  |z Netherlands  |2 eczenas 
655 7 |a úvahy  |7 fd134000  |2 czenas 
655 9 |a essays  |2 eczenas 
700 1 |a Winter, Tomáš,  |d 1974-  |7 xx0009383  |4 com  |4 edt 
710 2 |a Ústav dějin umění (Akademie věd ČR)  |7 kn20010709009 
856 4 1 |u http://www.digitalniknihovna.cz/mzk/uuid/uuid:bb7fa7a0-534e-11e8-afec-005056827e51  |y Digitalizovaný dokument  |x NDK 
910 2 |a BOA001  |b 3-1187.696 
928 9 |a Národní galerie v Praze 
990 |a BK 
995 |a 01 
991 |b 200706  |c NOV 
996 6 |b 2610312932  |c 3-1187.696  |l MZK  |r Sklad / do 1 hodiny  |n 4  |p p.v.  |w 000853590  |u 000010  |a 1  |e BOA001  |j MZK50  |s P